| 000 | 01110naa a22003017a 4500 | ||
|---|---|---|---|
| 001 | BR8104564 | ||
| 003 | BR-BrBNA | ||
| 005 | 20240918174758.0 | ||
| 007 | ta | ||
| 008 | 230509b bl.||||| |||| 00| 0 por d | ||
| 040 |
_aBR-BrBNA _bpor _cBiblioteca Nacional de Agricultura |
||
| 041 | _a(Pt) | ||
| 072 |
_aF00 _b0180 _bG514 |
||
| 090 | _aF00 BR8104564 | ||
| 100 | 1 | _aOliveira, E.F. de | |
| 100 | 1 | _aBego, A. | |
| 245 | 1 | _aEfeito do espacamento e densidade de plantio de trigo (Triticum aestivum L.), sobre o rendimento e algumas caracteristicas agronomicas [Parana, Brasil] | |
| 260 | 3 |
_aCascavel, PR (Brasil): _c1981. |
|
| 500 | _aResultados de pesquisa com trigo e triticale nos anos de 1979 e 1980 Cascavel, PR (Brasil): 1981. p. 187-197 (BR8104564-AM)F00 | ||
| 650 | _aESPACAMENTO | ||
| 650 | _aTRIGO | ||
| 650 | _aDENSIDADE DE PLANTIO | ||
| 650 | _aRENDIMENTO | ||
| 650 | _aPARANA | ||
| 773 | 0 |
_tResultados de pesquisa com trigo e triticale nos anos de 1979 e 1980 _wF00 BR8104564 _gCascavel, PR (Brasil), 1981. p. 187-197 |
|
| 909 |
_a202404 _bLucia _c55 _dLucia Elande |
||
| 942 |
_cAM _2AGRIS |
||
| 999 |
_c313521 _d313521 |
||